000 00772nam a2200229 a 4500
001 000035536
005 20200930074420.0
008 111103s2000 sp 000 0 spa d
020 _a8489920990
040 _aDO-SdBNP
_bspa
_cBNPHU
082 _axxxx
_bT662z
100 1 _aToms, Justine Willis
_961428
240 1 0 _aTrue work
_lespañol
245 1 3 _aEl zen del trabajo :
_bdel tedio al placer /
_cJustine Willis Toms, Michael Toms ; traducción Miguel Portillo.
260 _aBarcelona, España :
_bEdiciones Oniro,
_c2000.
300 _a235 p. ;
_c21 cm.
490 1 _aEmpresa y desarrollo personal
500 _aTraducido del inglés
700 1 _aToms, Michael
_961429
700 1 _aPortillo, Miguel,
_etr.
_961430
830 0 _aEmpresa y desarrollo personal
_961431
999 _c35027
_d35027